000 00866nam a2200205Ii 4500
003 JO-AjNU
008 230605s9999||||xx |||||||||||||| ||und||
040 _aJO-AjNU
_bara
_erda
_cJO-AjNU
041 _aara
050 1 4 _aKBP874.31.D59.A37.2005
100 3 _a دية ، عبد المجيد عبداللة ,
_eauthor
_921262
245 0 0 _aالقواعد والضوابط الفقهية لأحكام المبيع في الشريعة الإسلامية
250 _aط1
264 3 1 _aعمان : دار النفائس ، 2005
300 _a432ص
_bيشتمل على قائمة المصادر والمراجع الببلوغرافية ص ( 196 - 425 )
336 _atext
_btxt
_2rdacontent
337 _aunmediated
_bn
_2rdamedia
338 _avolume
_bnc
_2rdacarrier
650 4 _aالبيع (فقه إسلامي) -- المعاملات (فقه إسلامي)
_921263
999 _aA7356
_c10924
_d10924